| 000 | 00562nam a2200193 i 4500 | ||
|---|---|---|---|
| 001 | 111840 | ||
| 003 | ES-MaACL | ||
| 005 | 20250828004905.0 | ||
| 007 | t| | ||
| 008 | 061121s1915 sp |||| | spa d | ||
| 100 | 1 |
_aNatorp, Paul. _984999 |
|
| 245 | 1 | 0 |
_aCurso de pedagogía / _cpor Paul Natorp ; traducción por María de Maeztu. |
| 260 |
_aMadrid : _bLa Lectura, _c1915. |
||
| 300 |
_a126 p. ; _c19 cm. |
||
| 650 | 0 | 7 |
_aPedagogía _2embne _915904 |
| 700 | 1 |
_aMaeztu, María de, _d1881-1948 _975423 |
|
| 852 |
_aES-MaACL _jB-6474 |
||
| 999 |
_c111840 _d111840 |
||